000
00319cam a2200133ua 4500
082
_a
330.125
_b
BEV/FU
100
_a
Beveridge, Lord.
_9
1802
245
_a
Full Employment in a Free Society /
250
_a
2 /
260
_a
:
_b
George Allen & Unwin Ltd ,
_c
1967.
300
_a
429 ; .
500
_a
Annex
942
_c
BK
999
_c
2155
_d
2155